000
00318nam a2200133Ia 4500
005
20260328104258.0
008
260328s9999||||xx |||||||||||||| ||und||
100
_a
Celis, Pablo
245
0
_a
Bicycle Parking Manual /
_c
Pablo Celis
260
_b
Verso
300
_a
95 p.
650
_a
DISEÑO GRÁFICO
942
_c
BK
999
_c
10518
_d
10518